[Event "HUN-chT2 Charousek 1213"]
[Site "Hungary"]
[Date "2012.10.07"]
[Round "2"]
[White "Szijjarto, Laszlo"]
[Black "Keresszegi, Csaba"]
[Result "0-1"]
[WhiteElo "1961"]
[BlackElo "1957"]
[PlyCount "100"]
[EventDate "2012.09.16"]
[EventType "team-tourn"]
[EventRounds "11"]
[EventCountry "HUN"]
[SourceTitle "EXT 2014"]
[Source "ChessBase"]
[SourceDate "2013.11.20"]
[SourceVersion "1"]
[SourceVersionDate "2013.11.20"]
[SourceQuality "1"]
[WhiteTeam "Paks II"]
[BlackTeam "Fehervar"]
[WhiteTeamCountry "HUN"]
[BlackTeamCountry "HUN"]

1. d4 d5 2. c4 dxc4 3. e4 Nf6 4. Nc3 e5 5. d5 Bc5 6. f3 0-0 7. Bxc4 c6 8. Nge2 b5 9. Bb3 Qb6 10. Rf1 Bb7 11. Bg5 Nbd7 12. Qd3 h6 13. Bd2 a5 14. a4 b4 15. Nd1 Ba6 16. Bc4 cxd5 17. exd5 e4 18. fxe4 Ne5 19. Qg3 Nxe4 20. Qxe5 Nxd2 21. Bxa6 Nxf1 22. Bb5 Ne3 23. Nxe3 Bxe3 24. Rd1 Rad8 25. d6 Bg5 26. b3 Bf6 27. Qg3 Qc5 28. d7 Qf5 29. Rd3 Qe4 30. Qf3 Qe5 31. g3 Rb8 32. Kf2 Rb6 33. Rd5 Qc7 34. Qd3 Bd8 35. Kg2 Rf6 36. Nf4 Qc1 37. Qe4 Qb2+ 38. Kh3 Qxb3 39. Bd3 g6 40. Bc4 Qxa4 41. Rb5 Qd1 42. Nxg6 Qxd7+ 43. g4 Re8 44. Ne5 Qe7 45. Bxf7+ Qxf7 46. Nxf7 Rxe4 47. Nxd8 a4 48. Nb7 a3 49. Nc5 Re3+ 50. Kh4 a2 0-1